|
|
|
|
| LEADER |
00000nab a2200000ua 4500 |
| 001 |
vtls010772342 |
| 003 |
SK-MaSNL |
| 005 |
20260303135721.0 |
| 008 |
230218s1965 xo |||||||||||||||||slo| |
| 035 |
|
|
|a (urnnbn)urn:nbn:sk:snk:ar-003oys
|
| 035 |
|
|
|a (uuid)dd6b3d93-ae64-454e-be27-9da94cd0ebae
|
| 035 |
|
|
|a urn:nbn:sk:snk-ab423m
|
| 040 |
|
|
|a SNKBUCL
|b slo
|c SNKBUCL
|e AACR2
|
| 041 |
0 |
|
|a slo
|
| 044 |
|
|
|a xo
|c SK
|
| 100 |
1 |
|
|a Haliena, Ján,
|d 1928-2000
|4 aut
|9 171937
|
| 245 |
1 |
0 |
|a Pripravujeme sa na XIII. SJAZD KSČ
|c Ján Haliena
|
| 773 |
0 |
|
|t Čitateľ : mesačník pre prácu s čitateľmi
|g Roč. 14, č. 11 (1965), s. 394-395
|
| 954 |
|
|
|a odborná, vedecká literatúra pôvodná (slovenská)
|2 lita
|
| 958 |
|
|
|a OND
|
| 958 |
|
|
|a EUIPO
|
| 958 |
|
|
|a article3
|
| 999 |
|
|
|c 1967331
|d 1969261
|